Ochrana proti terorizmu

Aktuálna situácia z pohľadu boja proti terorizmu v Slovenskej republike.

Gespeichert in:
Bibliographische Detailangaben
1. Verfasser: Jangl, Štefan
Format: Buchkapitel
Sprache:Slowakisch
Schlagworte:
Tags: Tag hinzufügen
Keine Tags, Fügen Sie das erste Tag hinzu!

MARC

LEADER 00000naa a2200000 4500
001 0143559
005 20231204133123.4
041 0 |a slo 
044 |a SK 
245 1 0 |a Ochrana proti terorizmu  |c Štefan Jangl 
520 |a Aktuálna situácia z pohľadu boja proti terorizmu v Slovenskej republike. 
610 2 0 |a manažment krízový 
610 2 0 |a Slovensko 
610 2 0 |a legislatíva 
610 2 0 |a terorizmus 
100 1 |a Jangl, Štefan